Statistics for terrified biologists

Αποθηκεύτηκε σε:
Λεπτομέρειες βιβλιογραφικής εγγραφής
Κύριος συγγραφέας: Van Emden, Helmut Fritz
Μορφή: Βιβλίο
Γλώσσα:English
Δημοσίευση: Malden, MA : Blackwell Pub., 2008
Θέματα:
Ετικέτες: Προσθήκη ετικέτας
Δεν υπάρχουν, Καταχωρήστε ετικέτα πρώτοι!

MARC

LEADER 00000nam a2200000 i 4500
001 1/102480
008 090310s2008 eng d
020 |a 978-1-4051-4956-3 
035 |l 10103678 
040 |a GR-MY-UA  |b gre  |e aacr 
041 0 |a eng 
082 0 |a 570.15195  |2 (22) 
100 1 |a Van Emden, Helmut Fritz. 
245 1 0 |a Statistics for terrified biologists /  |c Helmut F. van Emden 
260 |a Malden, MA :   |b Blackwell Pub.,   |c 2008 
300 |a xv, 343 σ.;  |b εικ.;  |c 24 εκ. 
504 |a Βιβλιογραφία: σ. [337]-338 
504 |a Ευρετήριο: σ. [339]-343 
650 0 0 |a Biometry  |x Textbooks. 
852 |a INST  |b LESVOS  |e 20090310  |h 570.15195 VAN  |p 005100044462  |q 005100044462  |t BK  |y 0 
901 |a BIBL1-2009-1 
909 |a Λ  |b 154120 
922 |a 1ΕΛΗ  |b 200809  |c ΕΠΕΑΕΚ2/ΤΠ  |d ΜΙΧΑΛΟΠΟΥΛΟΣ 
970 |a ΚΑΡΑ  |b ΓΙΑΣΕΜΗ  |z 2009/03/10